000 00573nam a2200193Ia 4500
005 20260114185739.0
008 008 260114s9999 xx 000 0 eng d
020 _a9781350196476
037 _aEBOOK
040 _aCRL
_beng
_cCRL
041 _aeng
_2eng
084 _qCRL
100 _aSharon Hecker and Silvia Bottinelli
_9873904
245 0 _aLead in Modern and Contemporary Art
260 _bBloomsbury
_c2021
856 _uhttps://doi.org/10.5040/9781350196476?locatt=label:secondary_bloomsburyCollections
942 _cEBOOK
999 _c1472844
_d1472844